Vybrané služby ako predpoklad rozvoja potenciálu cestovného ruchu v meste Banská Štiavnica bakalárska práca

Saved in:
Bibliographic Details
Main Author: Blahútová, Eva
Corporate Author: Obchodná fakulta EU. Katedra služieb a cestovného ruchu - zrušené
Other Authors: Fodranová, Iveta, 1959-
Format: Book
Language:Slovak
Published: Bratislava 2022
Tags: Add Tag
No Tags, Be the first to tag this record!

MARC

LEADER 00000nbm a2200000 4500
001 0285716
005 20230117091146.3
041 0 |a slo 
044 |a SK 
245 1 0 |a Vybrané služby ako predpoklad rozvoja potenciálu cestovného ruchu v meste Banská Štiavnica  |b bakalárska práca  |c Eva Blahútová ; školiteľ: Iveta Fodranová 
264 1 |a Bratislava  |c 2022 
300 |a 69 s. 
100 1 |a Blahútová, Eva 
700 1 |a Fodranová, Iveta, 1959- 
710 2 |a Obchodná fakulta EU. Katedra služieb a cestovného ruchu - zrušené